Music Quiz

Random Music or Album Quiz

Procol Harum Songs Quiz Stats

 Plays Quiz not verified by Sporcle

Score 0/104 Timer 14:00
0 Plays Today
Hint Song % Correct
Procol HarumA Whiter Shade Of Pale
98.9%
Conquistador
98.9%
Shine On Brightly
94.5%
A Salty DogA Salty Dog
94.5%
Mabel
91.2%
Wreck Of The Hesperus
90.1%
Broken BarricadesSimple Sister
90.1%
Grand HotelGrand Hotel
90.1%
Repent Walpurgis
89%
Broken Barricades
89%
Something MagicSomething Magic
86.8%
Shine On BrightlyQuite Rightly So
85.7%
In Held 'Twas In I
85.7%
Pilgrim's Progress
85.7%
Procol's NinthPandora's Box
85.7%
Good Captain Clack
84.6%
Juicy John Pink
84.6%
Luskus Delph
84.6%
As Strong As Samson
84.6%
The Idol
84.6%
She Wandered Through The Garden Fence
83.5%
Toujours L'Amour
83.5%
Exotic Birds And FruitNothing But The Truth
83.5%
Boredom
82.4%
Whaling Stories
82.4%
Power Failure
82.4%
The Worm & The Tree
82.4%
Crucifiction Lane
81.3%
Poor Mohammed
81.3%
A Souvenir Of London
81.3%
Beyond The Pale
81.3%
Eight Days A Week
81.3%
A Rum Tale
80.2%
Robert's Box
80.2%
The Well's On FireAn Old English Dream
80.2%
Hint Song % Correct
A Christmas Camel
79.1%
Fool's Gold
79.1%
HomeWhisky Train
78%
The Mark Of The Claw
78%
Fresh Fruit
76.9%
Strangers In Space
76.9%
Magdalene (My Regal Zonophone)
75.8%
The Dead Man's Dream
75.8%
Butterfly Boys
74.7%
New Lamps For Old
74.7%
Shadow Boxed
74.7%
The Emperor's New Clothes
74.7%
Weisselklenzenacht (The Signature)
74.7%
Cerdes (Outside The Gates Of)
73.6%
About To Die
73.6%
The Final Thrust
73.6%
The VIP Room
73.6%
Fellow Travellers
73.6%
The Milk Of Human Kindness
72.5%
The Devil Came From Kansas
72.5%
The Unquiet Zone
72.5%
Song For A Dreamer
71.4%
Kaleidoscope
70.3%
The Blink Of An Eye
70.3%
Fires (Which Burnt Brightly)
69.2%
Something Following Me
68.1%
Memorial Drive
67%
Bringing Home The Bacon
67%
Monsieur R. Monde
67%
Piggy Pig Pig
65.9%
Skip Softly (My Moonbeams)
62.6%
TV Caesar
62.6%
Wizard Man
61.5%
Barnyard Story
59.3%
Still There'll Be More
58.2%
Hint Song % Correct
Too Much Between Us
54.9%
So Far Behind
54.9%
For Liquorice John
50.5%
I Keep Forgetting
47.3%
Every Dog Will Have Its Day
47.3%
Salad Days (Are Here Again)
46.2%
Wish Me Well
45.1%
All This And More
38.5%
Nothing That I Didn't Know
38.5%
The Thin End Of The Wedge
38.5%
Skating On Thin Ice
37.4%
Typewriter Torment
35.2%
Playmate Of The Mouth
34.1%
Your Own Choice
25.3%
Taking The Time
25.3%
A Robe Of Silk
25.3%
The Question
24.2%
Rambling On
23.1%
The Piper's Tune
18.7%
The Prodigal StrangerThe Truth Won't Fade Away
16.5%
Holding On
14.3%
Without A Doubt
13.2%
(You Can't) Turn Back The Page
12.1%
Man With A Mission
11%
Perpetual Motion
11%
The Pursuit Of Happiness
9.9%
A Dream In Ev'ry Home
8.8%
The Hand That Rocks The Cradle
8.8%
The King Of Hearts
8.8%
The World Is Rich
8.8%
The Wall Street Blues
8.8%
All Our Dreams Are Sold
7.7%
One More Time
6.6%
Learn To Fly
6.6%

You're not logged in!

Compare scores with friends on all Sporcle quizzes.
OR
Log In

Sporcle TV

Today on Sporcle TV


Watch our educational content, quiz creation guides, and fun videos on Sporcle TV.

Show Comments

Extras

Top Quizzes Today


Score Distribution

Your Account Isn't Verified!

In order to create a playlist on Sporcle, you need to verify the email address you used during registration. Go to your Sporcle Settings to finish the process.

Report this User

Report this user for behavior that violates our Community Guidelines.

Details: